000 00656nam a22002177a 4500
005 20241206142634.0
008 241206b ||||| |||| 00| 0 eng d
020 _a9789391155483
040 _cAL
041 _aeng
082 _223
_a808.06634
_bGOLL
100 _aTom Goldstein
_9188346
245 _aLawyers guide to writing well
250 _a3rd ed.
260 _aCalifornia
_bUniversity of California Press
_c2016
300 _ax,286p.
_bPB
_c23.2x15.2cm.
365 _2General
_a1060
_b₹364.27
_c
_d₹499.00
_e27%
_f28-11-2024
650 _2Legal Writing
_aLegal Writing
_9188347
700 _aLIEBERMAN (Jethro K)
_9188348
942 _2ddc
_cBK
999 _c232217
_d232217